000 00714cam a2200253 i 4500
001 768714001
003 CO-MdBIC
005 20231124151158.0
008 231124t1939 bl ||||| |||| 00| 0 por d
040 _bspa.
_aCO-MdFUSB
_cCO-MdFUSB
_dCO-MdFUSBC
_erda
041 _apor
082 0 4 _aG 231.3 Q79p
100 1 _aQuinto, Luiz
245 1 0 _aProblema Do Espirito Santo / Luiz Quinto
_c/
264 1 _aSao Paulo, Brasil : [S.E]
_b[Editorial no identificada],
_c[1939]
264 4 _c©1939
300 _a109 Pag
_c;
336 _atexto
_btxt
_2rdacontent
337 _2rdamedia
_asin mediación
_bn
338 _2rdacarrier
_avolumen
_bnc
650 1 0 _aEspíritu Santo
_950
942 _cBK
945 _ajohan1477
999 _c34460
_d34460